000 00663nam a2200217 a 4500
001 BRCA_6368
005 20190320205428.0
008 260811s1844----u--bef####---#000-0#eng-#
041 _aeng
044 _au
050 4 _aQE73
_b.O22 1844
100 1 _aOwen, David Dale
_d1807-1860
_915953
245 1 0 _aReport of a geological exploration of part of Iowa,Wisconsin, and Illinois
260 _aEstados Unidos
_bsenate of the United States
_c1844
300 _a191 p.
_bil. (algunas a color), mapas, planos
_c24 cm.
500 _aK163
650 1 4 _aGeologĂ­a
_zIowa
_915954
650 1 4 _aMinas y recursos minerales
_zIowa
_915955
902 _aGFM
942 _2lcc
_cB
999 _c6054
_d6054